000 00740nam a22002177i 4500
999 _c22854
_d22854
003 AR-CdUCM
008 240502b20182018 pe||||| |||| 00| 0 spa d
020 _a978-6123-47306-0-3
040 _aMUNICIPALIDAD PROVINCIAL DEL CUSCO
_cBIBLIOTECA MUNICIPAL DEL CUSCO
082 _a869.56 / Z38A
_bZ38A
100 _aZárate Agama, Rubén Alex.
_949676
245 _aA quién le importa mi vida /
260 _aCusco:
_bDorothy Editorial,
_c2018
300 _a135 Páginas. :
_e20 cm.
650 _aInterminables noches de quebranto
_949677
650 _aMi cerebro ordena a seguir luchando
_949678
650 _aSan Miguel de Algamarca
_949679
650 _aNo todo es represión
_949680
942 _2ddc
_cLIBROS
945 _apbj
_d2024-05-02